Unit operations of chemical engineering (Record no. 3799)

000 -LEADER
fixed length control field 00652nam a2200241 a 4500
001 - CONTROL NUMBER
control field 3799
003 - CONTROL NUMBER IDENTIFIER
control field BD-DhUET
008 - FIXED-LENGTH DATA ELEMENTS--GENERAL INFORMATION
fixed length control field 850523s1985 nyua b 001 0 eng
020 ## - INTERNATIONAL STANDARD BOOK NUMBER
International Standard Book Number 0070448280
040 ## - CATALOGING SOURCE
Modifying agency BD-DhUET
Transcribing agency 0
082 0# - DEWEY DECIMAL CLASSIFICATION NUMBER
Classification number 660.2842
Item number MCC/1985
100 1# - MAIN ENTRY--PERSONAL NAME
Personal name McCabe, Warren L.
245 10 - TITLE STATEMENT
Title Unit operations of chemical engineering
250 ## - EDITION STATEMENT
Edition statement 4th ed.
260 ## - PUBLICATION, DISTRIBUTION, ETC. (IMPRINT)
Place of publication, distribution, etc. New York
Name of publisher, distributor, etc. McGraw-Hill
Date of publication, distribution, etc. 1985
300 ## - PHYSICAL DESCRIPTION
Extent x, 960 p.
Other physical details ill.
Dimensions 25 cm.
490 1# - SERIES STATEMENT
Series statement McGraw-Hill chemical engineering series
504 ## - BIBLIOGRAPHY, ETC. NOTE
Bibliography, etc Includes bibliographies
650 #0 - SUBJECT ADDED ENTRY--TOPICAL TERM
Topical term or geographic name as entry element Chemical Processer
700 1# - ADDED ENTRY--PERSONAL NAME
Personal name Smith, Julian C.
700 1# - ADDED ENTRY--PERSONAL NAME
Personal name Harriott, Peter.
942 ## - ADDED ENTRY ELEMENTS (KOHA)
Koha item type General Book
Holdings
Koha issues (times borrowed) Not for loan Koha date last borrowed Price effective from Date acquired Copy number Piece designation (barcode) Source of classification or shelving scheme Damaged status Koha normalized classification for sorting Sublocation or collection (holding branch) Lost status Koha item type Koha date last seen Withdrawn status Shelving location Location (home branch) Koha full call number
   2014-11-052014-11-05172739  660_000000000000000_2842MCC198Central Library, BUET General Book2016-10-23 Circulation sectionCentral Library, BUET660.2842/MCC/1985
   2014-11-052014-11-05277549  660_000000000000000_2842MCC198Central Library, BUET General Book2014-11-05 Circulation sectionCentral Library, BUET660.2842/MCC/1985
2 2018-11-142014-11-052014-11-05377550  660_000000000000000_2842MCC198Central Library, BUET General Book2018-12-04 Circulation sectionCentral Library, BUET660.2842/MCC/1985
   2015-07-012015-07-01468731  660_284200000000000_MCC_1985Central Library, BUET Reading Item2015-07-01 Reading sectionCentral Library, BUET660.2842/MCC/1985
   2024-11-251989-06-27৪/ক-১73910  660_284200000000000_MCC_1985Central Library, BUET Rental Item2024-11-25 Rental sectionCentral Library, BUET660.2842 MCC/1985
   2024-11-251989-06-27৪/ক-২73911  660_284200000000000_MCC_1985Central Library, BUET Rental Item2024-11-25 Rental sectionCentral Library, BUET660.2842 MCC/1985
   2024-11-251989-06-27৪/ক-৩73912  660_284200000000000_MCC_1985Central Library, BUET Rental Item2024-11-25 Rental sectionCentral Library, BUET660.2842 MCC/1985
   2024-11-251989-06-27৪/ক-৪73913  660_284200000000000_MCC_1985Central Library, BUET Rental Item2024-11-25 Rental sectionCentral Library, BUET660.2842 MCC/1985
   2024-11-251989-06-27৪/ক-৫73914  660_284200000000000_MCC_1985Central Library, BUET Rental Item2024-11-25 Rental sectionCentral Library, BUET660.2842 MCC/1985
   2024-11-251989-06-27৪/ক-৬73915  660_284200000000000_MCC_1985Central Library, BUET Rental Item2024-11-25 Rental sectionCentral Library, BUET660.2842 MCC/1985
   2024-11-251989-06-27৪/ক-৭73916  660_284200000000000_MCC_1985Central Library, BUET Rental Item2024-11-25 Rental sectionCentral Library, BUET660.2842 MCC/1985
   2024-11-251989-06-27৪/ক-৮73917  660_284200000000000_MCC_1985Central Library, BUET Rental Item2024-11-25 Rental sectionCentral Library, BUET660.2842 MCC/1985
   2024-11-251989-06-27৪/ক-৯73918  660_284200000000000_MCC_1985Central Library, BUET Rental Item2024-11-25 Rental sectionCentral Library, BUET660.2842 MCC/1985
   2024-11-251989-06-27৪/ক-১০73919  660_284200000000000_MCC_1985Central Library, BUET Rental Item2024-11-25 Rental sectionCentral Library, BUET660.2842 MCC/1985
   2024-11-251989-06-27৪/ক-২৫73934  660_284200000000000_MCC_1985Central Library, BUET Rental Item2024-11-25 Rental sectionCentral Library, BUET660.2842 MCC/1985
   2024-11-251989-06-27৪/ক-২৬73935  660_284200000000000_MCC_1985Central Library, BUET Rental Item2024-11-25 Rental sectionCentral Library, BUET660.2842 MCC/1985